Flugzeugflotten Teil 15-Japan Airlines - Statistiken

Allgemein
  • Dieses Quiz wurde 50 mal gespielt
    25 seit der letzten Aktualisierung
  • Das Durchschnittsergebnis liegt bei 6 aus 7
Antwortstatistiken
Anzahl Flugzeugtyp % Korrekt
13 Boeing 777-300ER
100%
23 Boeing 787-8
100%
22 Boeing 787-9
100%
42 Boeing 737-800
89%
3 Airbus A350-1000
84%
15 Airbus A350-900
84%
25 Boeing 767-300ER
84%
Keine übereinstimmenden Quizze gefunden
Verteilung der Resultate
Anzahl Personen mit jedem Resultat
Perzentil nach korrekt beantworteten Fragen
Ihre Resultats-Entwicklung
Sie haben dieses Quiz seit der letzten Aktualisierung nicht gespielt